Ley federal de entidades paraestatales /
La Ley Federal de las Entidades Paraestatales está compuesta de seis capítulos y sesenta y ocho artículos. En el capítulo primero se fijan las disposiciones generales relativas al objeto de la ley, la definición de entidades paraestatales y sus excepciones (como las universidades autónomas y las ins...
Guardado en:
| Institution som forfatter: | |
|---|---|
| Andre forfattere: | |
| Format: | Bog |
| Sprog: | spansk |
| Serier: | (Grandes Debates Nacionales)
|
| Fag: | |
| Tags: |
Ingen Tags, Vær først til at tagge denne postø!
|
MARC
| LEADER | 00000nam^a2200000^a^4500 | ||
|---|---|---|---|
| 001 | 000183734 | ||
| 005 | 20250521000000.0 | ||
| 009 | 20260310102051.416 | ||
| 037 | |a Acervo ITESO - Biblioteca | ||
| 041 | |a ESP | ||
| 082 | |a 342. 72064 |b MEX 1986 | ||
| 110 | |a México | ||
| 245 | 1 | 0 | |a Ley federal de entidades paraestatales / |c pról. de E. Mendoza Barrueto. |
| 264 | |a México : |b Congreso de la Unión, Cámara de Diputados, LIII Legislatura, |c 1986 | ||
| 300 | |a 1 v. (varias paginaciones) | ||
| 336 | |a texto |b txt |2 rdacontenido | ||
| 337 | |a sin mediación |b n |2 rdamedio | ||
| 338 | |a volumen |b nc |2 rdasoporte | ||
| 440 | 1 | |a (Grandes Debates Nacionales) | |
| 520 | |a La Ley Federal de las Entidades Paraestatales está compuesta de seis capítulos y sesenta y ocho artículos. En el capítulo primero se fijan las disposiciones generales relativas al objeto de la ley, la definición de entidades paraestatales y sus excepciones (como las universidades autónomas y las instituciones nacionales de crédito). En el capítulo dos se desarrollan las disposiciones relativas a los organismos descentralizados y a su registro público; en el tres, se regulan las empresas de participación estatal mayoritaria; en el cuarto, los fideicomisos; en el cinco, se prevé lo concerniente al desarrollo y operación de las entidades, y en el seis se fijan las reglas para su control y evaluación. | ||
| 649 | |a XX | ||
| 650 | |a Paraestatales - |z México - |x Leyes y Reglamentos | ||
| 650 | |a Ministerios de Estado - |z México - |x Leyes y Reglamentos | ||
| 650 | |a Derecho Administrativo - |z México - |x Leyes y Reglamentos | ||
| 650 | |a Derecho Público - |z México | ||
| 650 | |a México - |x Leyes y Reglamentos | ||
| 700 | |a Mendoza Berrueto, Eliseo |e (prólogo) | ||
| 910 | |a Fondo General | ||
| 920 | |a Impresos - Libros | ||
| 930 | |a Colección General | ||
| 905 | |a 101 | ||
| 901 | |a 0500124248 |b IT1 |c ACC |u 20250521 | ||
| 902 | |a https://opac.biblio.iteso.mx/vufind/Record/000183734 | ||